000 00893nas a2200301 4500
001 BR0404740
003 BR-BrBNA
005 20231205104858.0
007 ta
008 230509b bl.|||p| |||| 00| 00por d
040 _aBR-BrBNA
_bpor
_cBiblioteca Nacional de Agricultura
041 _a(Pt)
072 _aP33; P34
100 1 _aZilli, J.É.
100 1 _aRumjanek, N.G.
100 1 _aXavier, G.R.
100 1 _aCoutinho, H.L. da C.
100 1 _aNeves, M.C.P.
245 1 _aDiversidade microbiana como indicador de qualidade do solo
650 _aSOLO
650 _aQUÍMICA DO SOLO
650 _aFÍSICA DO SOLO
650 _aBIOLOGIA DO SOLO
650 _aMICROBIOLOGIA DO SOLO
773 0 _tCadernos de Ciência e Tecnologia (Brazil)
_xISSN 0104-1096
_g(Sep-Dec 2003), v. 20(3) p. 391-411
_wBR0404740
909 _a202311
_bLúcia
_c55
_dLúcia Elande
942 _2AGRIS
_n0
_cANA
999 _c180099
_d180099